Modelovanie nákladových funkcií ako súčasť nákladovej analýzy podniku bakalárska práca

Na minha lista:
Detalhes bibliográficos
Autor principal: Gibová, Alexandra
Autor Corporativo: Fakulta hospodárskej informatiky EU. Katedra matematiky
Outros Autores: Páleš, Michal, 1984-
Formato: Livro
Idioma:eslovaco
Publicado em: Bratislava 2012
Tags: Adicionar Tag
Sem tags, seja o primeiro a adicionar uma tag!

MARC

LEADER 00000nbm a2200000 4500
001 0156139
005 20161109111940.2
041 0 |a slo 
044 |a SK 
245 1 0 |a Modelovanie nákladových funkcií ako súčasť nákladovej analýzy podniku  |b bakalárska práca  |c Alexandra Gibová ; školiteľ: Michal Páleš 
264 1 |a Bratislava  |c 2012 
300 |a 51 s. 
100 1 |a Gibová, Alexandra 
700 1 |a Páleš, Michal, 1984- 
710 2 |a Fakulta hospodárskej informatiky EU. Katedra matematiky